The Tarjumān al-Qurʼān, Volume-1 / (Record no. 20662)

MARC details
000 -LEADER
fixed length control field 00729cam a2200253u 4500
001 - CONTROL NUMBER
control field 7975734
003 - CONTROL NUMBER IDENTIFIER
control field BDDh-ASL
005 - DATE AND TIME OF LATEST TRANSACTION
control field 20231015025922.0
008 - FIXED-LENGTH DATA ELEMENTS--GENERAL INFORMATION
fixed length control field 860212m19629999nyu 000 0 eng
010 ## - LIBRARY OF CONGRESS CONTROL NUMBER
LC control number 63001051
040 ## - CATALOGING SOURCE
Original cataloging agency DLC
Transcribing agency CarP
Modifying agency DLC
-- BDDh-ASL
050 00 - LIBRARY OF CONGRESS CALL NUMBER
Classification number BP130.4
Item number .A913
082 ## - DEWEY DECIMAL CLASSIFICATION NUMBER
Classification number 297.12
Item number ABT
100 1# - MAIN ENTRY--PERSONAL NAME
Personal name Āzād, Abūlkalām,
Dates associated with a name 1888-1958.
245 14 - TITLE STATEMENT
Title The Tarjumān al-Qurʼān, Volume-1 /
260 ## - PUBLICATION, DISTRIBUTION, ETC.
Place of publication, distribution, etc. New York:
Name of publisher, distributor, etc. Asia Pub. House
Date of publication, distribution, etc. [1963, c1962-]
300 ## - PHYSICAL DESCRIPTION
Extent 201 p.:
Dimensions 23 cm.
504 ## - BIBLIOGRAPHY, ETC. NOTE
Bibliography, etc. note Include Index
630 00 - SUBJECT ADDED ENTRY--UNIFORM TITLE
Uniform title Qurʼan
Form subdivision Commentaries.
650 #0 - SUBJECT ADDED ENTRY--TOPICAL TERM
9 (RLIN) 1652
Topical term or geographic name entry element Islam
700 1# - ADDED ENTRY--PERSONAL NAME
Personal name Latif, Syed Abdul,
Relator term ed. and tr.
906 ## - LOCAL DATA ELEMENT F, LDF (RLIN)
a 0
b cbc
c premunv
d u
e ncip
f 19
g y-gencatlg
942 ## - ADDED ENTRY ELEMENTS (KOHA)
Source of classification or shelving scheme Dewey Decimal Classification
Koha item type Books
Holdings
Withdrawn status Lost status Source of classification or shelving scheme Damaged status Not for loan Collection code Home library Current library Shelving location Date acquired Source of acquisition Total Checkouts Full call number Barcode Date last seen Copy number Price effective from Koha item type
    Dewey Decimal Classification     Non-fiction Asiatic Society Library Asiatic Society Library General Stacks 01/12/2021 ASB Collection   297.12 ABT 104130 01/12/2021 C-1 01/12/2021 Books
    Dewey Decimal Classification     Non-fiction Asiatic Society Library Asiatic Society Library General Stacks 01/12/2021 ASB Collection   297.12 ABT 104139 01/12/2021 C-2 01/12/2021 Books

Powered by Koha